00515nam a2200193 a 4500001001300000003000900013005001700022008004100039020001000080082001800090100001800108245004900126260002700175300000900202500003500211505001700246650004000263700001800303nice12345678IN_TiNIC20260116015119.0070322s2006 bana grp 000 0 eng  ac10000a291.172bRAJ1 aRaju, T Swami aChristian Responses to Plurality of Religion aBanglorebBtesscc2006 a120p aincludes index and biblioraphy2 aBibliography aInterfaith Dialogue-Christian Ortho1 aRaju, T Swami